000 00647nam a2200181Ia 4500
003 GCL
008 140319s9999 xx 000 0 ara d
040 _aGCL /
_cGCL
082 0 4 _a953
_bم م
100 1 _aمحمد عبدالسلام الجفائرى
245 1 0 _aمشكلات الحضارة عند مالك بن نبى /
_cمحمد عبدالسلام الجفائرى
260 _a[S.N] :
_bالدار العربية للكتاب ،
_c1984
300 _a230 ص
490 _a
650 0 4 _aالحضارة العربية الاسلامية - المعارف البحرية
650 0 4 _aالحضارة الاسلامية
942 _2ddc
_cBK
999 _c31209
_d31209